Pokédex Génération 1 - Kanto - Statistiques

Statistiques générales
  • Ce quiz a été pris 123 fois
  • Le résultat moyen est 83 sur 151
Statistiques - réponses
Numéro Nom % Correct
001 Bulbizarre
97%
007 Carapuce
97%
006 Dracaufeu
97%
005 Reptincel
97%
004 Salamèche
97%
009 Tortank
97%
008 Carabaffe
96%
002 Herbizarre
93%
010 Chenipan
92%
003 Florizarre
92%
012 Papilusion
91%
013 Aspicot
88%
016 Roucool
88%
017 Roucoups
88%
011 Chrysacier
87%
018 Roucarnage
87%
015 Dardargnan
86%
151 Mew
83%
014 Coconfort
82%
025 Pikachu
80%
146 Sulfura
79%
144 Artikodin
78%
150 Mewtwo
78%
026 Raichu
78%
019 Rattata
76%
020 Rattatac
76%
148 Draco
75%
149 Dracolosse
75%
147 Minidraco
75%
145 Électhor
74%
021 Piafabec
72%
074 Racaillou
71%
129 Magicarpe
67%
030 Nidorina
67%
033 Nidorino
67%
092 Fantominus
66%
130 Léviator
66%
063 Abra
64%
134 Aquali
64%
094 Ectoplasma
64%
133 Évoli
64%
076 Grolem
64%
077 Ponyta
64%
136 Pyroli
64%
135 Voltali
64%
023 Abo
63%
034 Nidoking
63%
031 Nidoqueen
63%
093 Spectrum
63%
075 Gravalanch
62%
066 Machoc
62%
067 Machopeur
62%
095 Onix
62%
065 Alakazam
61%
024 Arbok
61%
059 Arcanin
61%
058 Caninos
61%
078 Galopa
59%
064 Kadabra
59%
068 Mackogneur
59%
052 Miaouss
59%
100 Voltorbe
59%
053 Persian
58%
126 Magmar
57%
070 Boustiflor
55%
069 Chétiflor
55%
101 Électrode
54%
043 Mystherbe
54%
107 Tygnon
54%
045 Rafflesia
53%
071 Empiflor
51%
038 Feunard
51%
044 Ortide
51%
118 Poissirène
51%
142 Ptéra
51%
143 Ronflex
51%
081 Magnéti
50%
082 Magnéton
50%
109 Smogo
50%
110 Smogogo
50%
120 Stari
50%
121 Staross
50%
139 Amonistar
49%
037 Goupix
49%
089 Grotadmorv
49%
106 Kicklee
49%
113 Leveinard
49%
042 Nosferalto
49%
041 Nosferapti
49%
088 Tadmorv
49%
128 Tauros
49%
138 Amonita
47%
125 Élektek
47%
140 Kabuto
47%
141 Kabutops
47%
119 Poissoroy
46%
051 Triopikeur
46%
055 Akwakwak
45%
087 Lamantine
45%
054 Psykokwak
45%
050 Taupiqueur
45%
040 Grodoudou
42%
123 Insécateur
42%
131 Lokhlass
42%
036 Mélodelfe
42%
111 Rhinocorne
42%
112 Rhinoféros
42%
039 Rondoudou
42%
124 Lippoutou
41%
035 Mélofée
41%
086 Otaria
41%
060 Ptitard
41%
027 Sabelette
41%
062 Tartard
41%
049 Aéromite
39%
056 Férosinge
39%
028 Sablaireau
39%
061 Têtarte
39%
105 Ossatueur
38%
104 Osselait
38%
073 Tentacruel
38%
057 Colossinge
37%
097 Hypnomade
37%
115 Kangourex
37%
048 Mimitoss
37%
072 Tentacool
37%
091 Crustabri
36%
085 Dodrio
36%
084 Doduo
36%
046 Paras
36%
083 Canarticho
34%
080 Flagadoss
34%
132 Métamorph
34%
137 Porygon
34%
079 Ramoloss
34%
090 Kokiyas
33%
047 Parasect
33%
114 Saquedeneu
33%
096 Soporifik
33%
108 Excelangue
32%
127 Scarabrute
32%
117 Hypocéan
30%
116 Hypotrempe
30%
098 Krabby
29%
099 Krabboss
28%
122 M. Mime
28%
103 Noadkoko
28%
102 Noeunoeuf
28%
029 Nidoran♀
25%
032 Nidoran♂
25%
022 Rapadepic
24%
Aucun quiz correspondant
Distribution des résultats
% des personnes avec chaque résultat
Percentile par nombre de réponses
Votre historique - résultats
Vous n’avez pas pris ce quiz